| 000 | 00000nam##2200000za#4500 |
| 001 | 9.535750 |
| 003 | CaOODSP |
| 005 | 20200401025743 |
| 007 | ta |
| 008 | 150406|2001||||xxc||||| f|0| 0 eng|d |
| 040 | |aCaOODSP|beng |
| 041 | |aeng |
| 041 | |afre |
| 043 | |an-cn--- |
| 086 | 1 |aSP2-6/2000 |
| 110 | 1 |aCanada. |bQueen's Printer. |
| 245 | 10|aBanks, trust companies and loan companies : |bunclaimed balances reported as at December 31, 2000 by banks, trust companies and loan companies / |c(Office of the Superintendent of Financial Institutions: Bank Act.) |
| 260 | |aOttawa - Ontario : |bQueen's Printer |c2001. |
| 300 | |a516p. ; |c28 cm. |
| 490 | 1 |aCanada gazette, part I. Supplement |
| 520 | 3 |aSupplement, Canada Gazette, Part 1, August 24, 2001. |
| 546 | |aBilingual |
| 563 | |aSoftcover |
| 590 | |a01-32|b2001-08-10 |
| 690 | 07|aBanks|2gcpds |
| 690 | 07|aTrust companies|2gcpds |
| 690 | 07|aReports|2gcpds |
| 776 | 0#|tBanques, sociétés de fiducie et sociétés de prêt - soldes non réclamés : |w(CaOODSP)9.587840 |
| 792 | |tBanques, sociétés de fiducie et sociétés de prêt : |efre|w(CaOODSP)9.535751 |
| 830 | #0|aCanada gazette, part I. Supplement.|w(CaOODSP)9.509660 |